Thơ mới 1932 - 1945 Tác giả và tác phẩm

Nội dung sách được phân chia làm hai phần. Phần I gồm thơ sáng tác trong thời kỳ 1932 - 1945 của 18 nhà thơ. Phần II tập hợp các văn bản tác phẩm về thơ của trên 60 nhà thơ khác cũng được sáng tác trong giai đoạn này...

Disgrifiad llawn

Wedi'i Gadw mewn:
Manylion Llyfryddiaeth
Fformat: Llyfr
Iaith:Undetermined
Cyhoeddwyd: Hà Nội Hội Nhà Văn 1998
Pynciau:
Tagiau: Ychwanegu Tag
Dim Tagiau, Byddwch y cyntaf i dagio'r cofnod hwn!
Thư viện lưu trữ: Trung tâm Học liệu Trường Đại học Cần Thơ
LEADER 00872nam a2200169Ia 4500
001 CTU_27483
008 210402s9999 xx 000 0 und d
082 |a 895.9221008 
082 |b Th460 
245 0 |a Thơ mới 1932 - 1945 
245 0 |b Tác giả và tác phẩm 
260 |a Hà Nội 
260 |b Hội Nhà Văn 
260 |c 1998 
520 |a Nội dung sách được phân chia làm hai phần. Phần I gồm thơ sáng tác trong thời kỳ 1932 - 1945 của 18 nhà thơ. Phần II tập hợp các văn bản tác phẩm về thơ của trên 60 nhà thơ khác cũng được sáng tác trong giai đoạn này 
650 |a vietnamese literature - 20th century - history and criticism,vietnamese poetry - 20th century - collections 
980 |a Trung tâm Học liệu Trường Đại học Cần Thơ